Outils de jardinage (mort subite) - Statistiques

Statistiques générales
  • Ce quiz a été pris 170 fois
  • Le résultat moyen est 3 sur 8
Answers on the Grid
Answers color-coded by a green-red scale on the quiz's grid according to % correct below.
Rondelle
Batte à semis
Gaule
Gouge à asperges
Presse-motte
Mandrin
Pince à dénuder
Seau (marque Cisson de préférence)
Ponceuse vibrante
Brouette
Pointe
Couteau à mastiquer
Stylo
Polissoir
Corde à treize nœuds
Pinceau
Tondeuse à frisée
Tête de pioche
Lance d'arrosage
Perche
 
Statistiques - réponses
Réponse % Correct
Brouette
68%
Lance d'arrosage
41%
Presse-motte
39%
Gouge à asperges
38%
Seau (marque Cisson de préférence)
35%
Batte à semis
26%
Gaule
14%
Perche
10%
Aucun quiz correspondant
Distribution des résultats
% des personnes avec chaque résultat
Percentile par nombre de réponses
Votre historique - résultats
Vous n’avez pas pris ce quiz